000 00710cam a22002053a 4500
001 37030
003 PGUSA
005 20140828083819.0
008 110810s2011||||xxu|||||s|||||000 | eng d
040 _aPGUSA
_beng
042 _adc
100 1 _aHardy, G. H.
_q(Godfrey Harold),
_d1877-1947
245 1 0 _aSome Famous Problems of the Theory of Numbers and in particular Waring's Problem :
_bAn Inaugural Lecture delivered before the University of Oxford
_h[electronic resource] /
_cG. H. Hardy
260 _bProject Gutenberg,
_c2011
506 _aPublic domain in the USA.
516 _aElectronic text
830 0 _aProject Gutenberg
_v37030
856 4 0 _uhttp://www.gutenberg.org/ebooks/37030
942 _cEB
999 _c266285
_d266285